[Event "2. Torneig Ciutat de Soller"]
[Site "Soller ESP"]
[Date "2007.02.05"]
[Round "1.2"]
[White "Lariño Nieto, David"]
[Black "Galego, Luis"]
[Result "1/2-1/2"]
[WhiteElo "2450"]
[BlackElo "2537"]
[PlyCount "41"]
[EventDate "2007.02.05"]
[EventType "tourn"]
[EventRounds "9"]
[EventCountry "ESP"]
[EventCategory "8"]
[Source "lmi"]
[SourceDate "2007.02.05"]

1. e4 e6 2. d4 d5 3. Nd2 dxe4 4. Nxe4 Bd7 5. Nf3 Bc6 6. Bd3 Nd7 7. Qe2 Ngf6 8.
Bg5 Be7 9. Nxf6+ Nxf6 10. Ne5 Qxd4 11. c3 Qd5 12. Bxf6 Bxf6 13. Nxc6 bxc6 14.
O-O O-O 15. Rfd1 Qe5 16. Be4 Rab8 17. Qc2 g6 18. Bxc6 Rb6 19. Bf3 Rfb8 20. Rab1
Qf4 21. Rd3 1/2-1/2

[Event "2. Torneig Ciutat de Soller"]
[Site "Soller ESP"]
[Date "2007.02.05"]
[Round "1.3"]
[White "Alsina Leal, Daniel"]
[Black "Movsziszian, Karen"]
[Result "1-0"]
[WhiteElo "2430"]
[BlackElo "2445"]
[PlyCount "99"]
[EventDate "2007.02.05"]
[EventType "tourn"]
[EventRounds "9"]
[EventCountry "ESP"]
[EventCategory "8"]
[Source "lmi"]
[SourceDate "2007.02.05"]

1. e4 d6 2. d4 Nf6 3. Nc3 g6 4. f4 Bg7 5. Nf3 c5 6. Bb5+ Bd7 7. Bxd7+ Nfxd7 8.
d5 b5 9. Nxb5 Qa5+ 10. Nc3 Bxc3+ 11. bxc3 Qxc3+ 12. Bd2 Qc4 13. Qe2 Qxc2 14.
O-O O-O 15. Rac1 Qa4 16. e5 Nb6 17. f5 gxf5 18. exd6 exd6 19. Qe7 N8d7 20. Qg5+
Kh8 21. Qxf5 f6 22. Rce1 Ne5 23. Bh6 Rf7 24. Qe6 Nxf3+ 25. Rxf3 Qd4+ 26. Kh1
Qxd5 27. Rxf6 Qxe6 28. Rfxe6 Rg8 29. Rxd6 Nd7 30. g3 Rf6 31. Rxf6 Nxf6 32. Re7
a6 33. Rc7 Ng4 34. Bd2 Nf2+ 35. Kg2 Ne4 36. Be3 Re8 37. Kf3 Re6 38. Bxc5 Nxc5
39. Rxc5 Kg7 40. g4 Rd6 41. h4 Rd3+ 42. Kf4 Ra3 43. Kg5 Rxa2 44. Rc7+ Kg8 45.
Kh6 Ra4 46. Rg7+ Kf8 47. Kxh7 a5 48. h5 Re4 49. g5 a4 50. g6 1-0

[Event "2. Torneig Ciutat de Soller"]
[Site "Soller ESP"]
[Date "2007.02.05"]
[Round "1.4"]
[White "Salgado Lopez, Ivan"]
[Black "Carlsson, Pontus"]
[Result "1/2-1/2"]
[WhiteElo "2422"]
[BlackElo "2492"]
[PlyCount "129"]
[EventDate "2007.02.05"]
[EventType "tourn"]
[EventRounds "9"]
[EventCountry "ESP"]
[EventCategory "8"]
[Source "lmi"]
[SourceDate "2007.02.05"]

1. e4 c5 2. d4 cxd4 3. Nf3 d6 4. Nxd4 Nf6 5. f3 e6 6. Nc3 a6 7. Be3 b5 8. Qd2
b4 9. Na4 Nbd7 10. Bc4 Qc7 11. Bb3 Rb8 12. c3 bxc3 13. Nxc3 Nc5 14. Rc1 Bd7 15.
O-O Be7 16. Bc4 O-O 17. a3 Qb7 18. b4 Na4 19. Qe2 Ra8 20. Bd3 Rfc8 21. Nxa4
Bxa4 22. Rxc8+ Qxc8 23. Rc1 Qb7 24. Qb2 Bd8 25. Nb3 Nd7 26. Bd4 Bxb3 27. Qxb3
Nc5 28. Qc4 Nxd3 29. Qxd3 Bb6 30. Qe3 Bxd4 31. Qxd4 Rd8 32. Qc4 Qb6+ 33. Kf1 h6
34. Qc7 Qb5+ 35. Kf2 Qg5 36. Rd1 d5 37. exd5 exd5 38. Rd4 Qf6 39. Qf4 Qe6 40.
Qe3 Qd6 41. h3 Rc8 42. Rd2 Rd8 43. Qd4 Qc6 44. Rd3 Qc2+ 45. Kg3 Qc7+ 46. f4 Qc2
47. Kh2 Qc6 48. Rg3 f6 49. Rc3 Qd6 50. Rc5 g5 51. Kg3 Qe6 52. Kf2 Qf5 53. Rc6
Kg7 54. Qe3 Rd7 55. Rc8 d4 56. Qe8 Qxf4+ 57. Ke2 d3+ 58. Kd1 Qf1+ 59. Qe1 Qxg2
60. Rg8+ Kh7 61. Rh8+ Kg7 62. Rg8+ Kxg8 63. Qe8+ Kg7 64. Qxd7+ Kg8 65. Qd8+
1/2-1/2

[Event "2. Torneig Ciutat de Soller"]
[Site "Soller ESP"]
[Date "2007.02.05"]
[Round "1.5"]
[White "Llaneza Vega, Marcos"]
[Black "Michalczak, Thomas"]
[Result "1-0"]
[WhiteElo "2427"]
[BlackElo "2332"]
[PlyCount "107"]
[EventDate "2007.02.05"]
[EventType "tourn"]
[EventRounds "9"]
[EventCountry "ESP"]
[EventCategory "8"]
[Source "lmi"]
[SourceDate "2007.02.05"]

1. e4 c5 2. Nf3 d6 3. d4 cxd4 4. Nxd4 Nf6 5. Nc3 Bd7 6. Be2 Bc6 7. O-O e6 8.
Qd3 a6 9. Bg5 Be7 10. Rad1 Qa5 11. Qg3 Nbd7 12. Kh1 Bxe4 13. Bxf6 Nxf6 14. Nxe4
Nxe4 15. Qxg7 Bf6 16. Qg4 Bxd4 17. Qxe4 Bg7 18. Rxd6 Qe5 19. Qxe5 Bxe5 20. Rb6
O-O-O 21. Bf3 Rd7 22. c3 Rhd8 23. g3 Bd6 24. Rd1 Bc5 25. Bxb7+ Kb8 26. Rxd7
Rxd7 27. Bc6+ Bxb6 28. Bxd7 Bxf2 29. Be8 f6 30. Bd7 e5 31. Bf5 h6 32. Kg2 Be3
33. Kf3 Bc1 34. b3 Bd2 35. c4 Kc7 36. Ke4 Kd6 37. Bc8 a5 38. Kf5 Ke7 39. Bb7
Be3 40. Bd5 Bg1 41. h3 Bf2 42. g4 Be3 43. Kg6 Bg5 44. c5 Be3 45. c6 Bg5 46. Be4
Kd6 47. Kh5 Kc7 48. h4 Bf4 49. Kg6 Bg3 50. g5 fxg5 51. h5 Bf4 52. Kxh6 g4+ 53.
Kg7 g3 54. h6 1-0

[Event "2. Torneig Ciutat de Soller"]
[Site "Soller ESP"]
[Date "2007.02.06"]
[Round "2.1"]
[White "Mirzoev, Azer"]
[Black "Michalczak, Thomas"]
[Result "1-0"]
[WhiteElo "2526"]
[BlackElo "2332"]
[PlyCount "81"]
[EventDate "2007.02.05"]
[EventType "tourn"]
[EventRounds "9"]
[EventCountry "ESP"]
[EventCategory "8"]
[Source "lmi"]
[SourceDate "2007.02.05"]

1. d4 d5 2. c4 c6 3. Nf3 Nf6 4. e3 a6 5. Nc3 e6 6. b3 Bb4 7. Bd2 Qe7 8. Bd3
Nbd7 9. O-O e5 10. Nh4 g6 11. f4 e4 12. Be2 Ng8 13. Qe1 Ndf6 14. cxd5 cxd5 15.
Na4 Bd6 16. Nb6 Rb8 17. Nxc8 Rxc8 18. Rc1 Rxc1 19. Qxc1 Qd7 20. b4 Ne7 21. Qb2
b5 22. a4 Nc8 23. axb5 axb5 24. Ra1 Be7 25. Ra5 Nd6 26. Qa2 O-O 27. Ra7 Qd8 28.
g4 Nc4 29. Ng2 Bd6 30. Be1 h6 31. Qa6 Ne8 32. Qxb5 Nc7 33. Qc6 Qb8 34. Rb7 Qe8
35. Rxc7 Bxc7 36. Qxc7 Qc8 37. Qc5 Qe6 38. f5 Qb6 39. Qxd5 Nd6 40. fxg6 Kg7 41.
Bg3 1-0

[Event "2. Torneig Ciutat de Soller"]
[Site "Soller ESP"]
[Date "2007.02.06"]
[Round "2.3"]
[White "Movsziszian, Karen"]
[Black "Salgado Lopez, Ivan"]
[Result "0-1"]
[WhiteElo "2445"]
[BlackElo "2422"]
[PlyCount "120"]
[EventDate "2007.02.05"]
[EventType "tourn"]
[EventRounds "9"]
[EventCountry "ESP"]
[EventCategory "8"]
[Source "lmi"]
[SourceDate "2007.02.05"]

1. g3 d5 2. Bg2 Nf6 3. f4 g6 4. Nf3 Bg7 5. O-O O-O 6. d3 Qd6 7. Qe1 Nbd7 8. Nc3
e5 9. e4 d4 10. Ne2 c5 11. Nd2 Qe7 12. a4 Ne8 13. f5 Bh6 14. Nf3 Bxc1 15. Qxc1
f6 16. h4 gxf5 17. exf5 Nd6 18. Nd2 Kh8 19. Ne4 Nxe4 20. Bxe4 c4 21. dxc4 Nc5
22. Bd5 Bd7 23. Ra3 Bc6 24. g4 d3 25. Ng3 Bxd5 26. cxd5 Rg8 27. g5 fxg5 28. h5
Rac8 29. b4 Nd7 30. Rxd3 Qxb4 31. f6 Qc5+ 32. Kh1 Qxc2 33. Qe3 Rc4 34. Kg1 Rf4
35. Rc3 Qxa4 36. Rc7 Rxf1+ 37. Kxf1 Qd1+ 38. Kf2 Qxd5 39. Ne4 Qe6 40. Ke1 Rd8
41. Qxg5 Rg8 42. Rc8 Nxf6 43. Qxf6+ Qxf6 44. Rxg8+ Kxg8 45. Nxf6+ Kg7 46. Ng4
Kf7 47. Nxe5+ Kf6 48. Nc4 a6 49. Kd2 Kg5 50. Nd6 b6 51. Ke3 Kxh5 52. Kf4 Kg6
53. Nc8 b5 54. Ne7+ Kf7 55. Nd5 a5 56. Ke5 a4 57. Kd4 h5 58. Kc5 a3 59. Nc3 h4
60. Kxb5 h3 0-1

[Event "2. Torneig Ciutat de Soller"]
[Site "Soller ESP"]
[Date "2007.02.06"]
[Round "2.4"]
[White "Galego, Luis"]
[Black "Alsina Leal, Daniel"]
[Result "1-0"]
[WhiteElo "2537"]
[BlackElo "2430"]
[PlyCount "97"]
[EventDate "2007.02.05"]
[EventType "tourn"]
[EventRounds "9"]
[EventCountry "ESP"]
[EventCategory "8"]
[Source "lmi"]
[SourceDate "2007.02.05"]

1. d4 d5 2. Nf3 Nf6 3. Bg5 Ne4 4. Bf4 c5 5. c3 Qb6 6. Qb3 c4 7. Qc2 h6 8. Nbd2
Bf5 9. Nxe4 Bxe4 10. Qa4+ Nc6 11. O-O-O e6 12. Nd2 Bg6 13. e4 Be7 14. exd5 exd5
15. Bxc4 dxc4 16. Nxc4 Qa6 17. Qxa6 bxa6 18. d5 Nd8 19. Rhe1 Kf8 20. Ne5 Bg5
21. Bxg5 hxg5 22. Nd7+ Kg8 23. Re8+ Kh7 24. Nf8+ Kh6 25. d6 f6 26. d7 Bf7 27.
c4 Bxc4 28. Ng6 Rh7 29. Ne7 g6 30. Nc6 Bb5 31. Nxd8 Bxd7 32. Nf7+ Rxf7 33. Rxa8
Bc6 34. Rh8+ Kg7 35. Rdd8 f5 36. Rdg8+ Kf6 37. Rf8 Bxg2 38. Rxf7+ Kxf7 39. Rh7+
Kf6 40. Rxa7 Bf1 41. Kd2 f4 42. a4 Kf5 43. b4 Kg4 44. Rb7 Kh3 45. Rb6 g4 46.
Rxg6 Bc4 47. Rf6 f3 48. Ke3 Kg2 49. Rg6 1-0

[Event "2. Torneig Ciutat de Soller"]
[Site "Soller ESP"]
[Date "2007.02.06"]
[Round "2.5"]
[White "Vila Gazquez, Xavier"]
[Black "Lariño Nieto, David"]
[Result "1-0"]
[WhiteElo "2407"]
[BlackElo "2450"]
[PlyCount "75"]
[EventDate "2007.02.05"]
[EventType "tourn"]
[EventRounds "9"]
[EventCountry "ESP"]
[EventCategory "8"]
[Source "lmi"]
[SourceDate "2007.02.05"]

1. e4 c5 2. Nf3 g6 3. d4 cxd4 4. Qxd4 Nf6 5. e5 Nc6 6. Qa4 Nd5 7. Qe4 Ndb4 8.
Bb5 a6 9. Bxc6 Nxc6 10. Nc3 Bg7 11. Bf4 O-O 12. h4 d6 13. O-O-O Bf5 14. Qe3 Rc8
15. Bh6 Nb4 16. Nd4 Bxe5 17. Nxf5 gxf5 18. Rh3 Kh8 19. Bxf8 Qxf8 20. f4 Bxc3
21. bxc3 Nxa2+ 22. Kd2 Nxc3 23. Qd4+ e5 24. fxe5 Qh6+ 25. Ke1 Nxd1 26. exd6+
Qg7 27. d7 Rd8 28. Qxd1 f6 29. Rd3 Qxg2 30. Qh5 Qe4+ 31. Kf2 Qe6 32. Qh6 b5 33.
Rg3 Qf7 34. Rd3 Qg7 35. Qe3 Qf7 36. Qb6 Qe7 37. Re3 Qf8 38. Qxd8 1-0

[Event "2. Torneig Ciutat de Soller"]
[Site "Soller ESP"]
[Date "2007.02.07"]
[Round "3.1"]
[White "Lariño Nieto, David"]
[Black "Mirzoev, Azer"]
[Result "0-1"]
[WhiteElo "2450"]
[BlackElo "2526"]
[PlyCount "74"]
[EventDate "2007.02.05"]
[EventType "tourn"]
[EventRounds "9"]
[EventCountry "ESP"]
[EventCategory "8"]
[Source "lmi"]
[SourceDate "2007.02.05"]

1. e4 c6 2. d4 d5 3. e5 Bf5 4. h4 Qb6 5. g4 Bd7 6. h5 e6 7. c3 c5 8. a3 Bb5 9.
Bxb5+ Qxb5 10. Ne2 Nd7 11. f4 Ne7 12. Nd2 Qd3 13. b4 cxd4 14. cxd4 Nc6 15. Qb3
Qxe2+ 16. Kxe2 Nxd4+ 17. Kd3 Nxb3 18. Nxb3 Nb6 19. Na5 Rb8 20. Be3 Be7 21. Bxb6
axb6 22. Nb3 Kd7 23. h6 g5 24. f5 exf5 25. gxf5 Rbc8 26. Kd4 g4 27. f6 Bf8 28.
Kxd5 Rg8 29. Rad1 g3 30. e6+ fxe6+ 31. Ke5+ Ke8 32. Kxe6 Rg6 33. Kf5 g2 34.
Rhg1 Bxh6 35. Rge1+ Kf8 36. Nd4 Rg5+ 37. Kf4 g1=Q 0-1

[Event "2. Torneig Ciutat de Soller"]
[Site "Soller ESP"]
[Date "2007.02.07"]
[Round "3.2"]
[White "Alsina Leal, Daniel"]
[Black "Vila Gazquez, Xavier"]
[Result "1/2-1/2"]
[WhiteElo "2430"]
[BlackElo "2407"]
[PlyCount "109"]
[EventDate "2007.02.05"]
[EventType "tourn"]
[EventRounds "9"]
[EventCountry "ESP"]
[EventCategory "8"]
[Source "lmi"]
[SourceDate "2007.02.05"]

1. e4 c5 2. Nf3 Nc6 3. d4 cxd4 4. Nxd4 Qc7 5. Nc3 e6 6. Be3 a6 7. Qd2 Nf6 8.
O-O-O Nxd4 9. Qxd4 Ng4 10. Qb6 Qc6 11. Bd4 e5 12. Be3 Nxe3 13. Qxe3 Bc5 14. Qg3
O-O 15. Nd5 Re8 16. Kb1 b5 17. h4 Bb7 18. h5 Rac8 19. h6 Qg6 20. Qf3 Bd4 21.
Qe2 Bxd5 22. exd5 Qf6 23. hxg7 Qxf2 24. c3 Qxe2 25. Bxe2 Be3 26. Bg4 Rc7 27. d6
Rb7 28. Bf5 h6 29. Rhe1 Bg5 30. Rd5 Bf4 31. Rc5 h5 32. Rh1 Kxg7 33. Rxh5 e4 34.
Rh7+ Kg8 35. Rh4 Bxd6 36. Rxe4 Rxe4 37. Rc8+ Kg7 38. Bxe4 Ra7 39. Ra8 Rxa8 40.
Bxa8 a5 41. a3 b4 42. cxb4 axb4 43. a4 Kf6 44. Kc2 Ke6 45. Kb3 Be5 46. Kc4 Bxb2
47. Bd5+ Ke7 48. a5 Bc1 49. Kd4 Bf4 50. Kc5 Be3+ 51. Kxb4 f6 52. Kc4 Kd6 53.
Bf7 Bf2 54. Kd3 Ke5 55. Kc4 1/2-1/2

[Event "2. Torneig Ciutat de Soller"]
[Site "Soller ESP"]
[Date "2007.02.07"]
[Round "3.4"]
[White "Llaneza Vega, Marcos"]
[Black "Movsziszian, Karen"]
[Result "0-1"]
[WhiteElo "2427"]
[BlackElo "2445"]
[PlyCount "90"]
[EventDate "2007.02.05"]
[EventType "tourn"]
[EventRounds "9"]
[EventCountry "ESP"]
[EventCategory "8"]
[Source "lmi"]
[SourceDate "2007.02.05"]

1. e4 d6 2. d4 g6 3. Nc3 a6 4. f4 b5 5. Bd3 Nd7 6. Nf3 c5 7. Be3 c4 8. Be2 e6
9. d5 e5 10. a4 Rb8 11. axb5 axb5 12. Na2 Bb7 13. Nb4 Qc8 14. c3 Ngf6 15. Nd2
Bh6 16. O-O O-O 17. Kh1 exf4 18. Bxf4 Bxf4 19. Rxf4 Qc5 20. Qg1 Kg7 21. Raf1
Rbe8 22. Bd1 Qxg1+ 23. Kxg1 g5 24. Rf5 Re5 25. Bc2 Rxf5 26. Rxf5 h6 27. Rf1 Ra8
28. Nf3 Nc5 29. Nd4 Bc8 30. Nxb5 Nfxe4 31. Re1 f5 32. g4 h5 33. gxf5 Bxf5 34.
Nd4 Bg6 35. Nbc6 Nd3 36. Ne6+ Kh6 37. Rf1 Ra2 38. Ne7 Rxb2 39. Ba4 Ndf2 40. Ra1
Nh3+ 41. Kf1 Rxh2 42. Bd1 Nf4 43. Ng8+ Kh7 44. Nxf4 gxf4 45. Ne7 f3 0-1

[Event "2. Torneig Ciutat de Soller"]
[Site "Soller ESP"]
[Date "2007.02.07"]
[Round "3.5"]
[White "Michalczak, Thomas"]
[Black "Carlsson, Pontus"]
[Result "1/2-1/2"]
[WhiteElo "2332"]
[BlackElo "2492"]
[PlyCount "36"]
[EventDate "2007.02.05"]
[EventType "tourn"]
[EventRounds "9"]
[EventCountry "ESP"]
[EventCategory "8"]
[Source "lmi"]
[SourceDate "2007.02.05"]

1. e4 c5 2. c3 d5 3. exd5 Qxd5 4. d4 g6 5. Nf3 Bg7 6. Na3 cxd4 7. Bc4 Qe4+ 8.
Be3 Nh6 9. cxd4 O-O 10. O-O Nf5 11. Bg5 Nxd4 12. Nxd4 Qxd4 13. Qxd4 Bxd4 14.
Nb5 Nc6 15. Nxd4 Nxd4 16. Bxe7 Re8 17. Bf6 Be6 18. Bxd4 Bxc4 1/2-1/2

[Event "2. Torneig Ciutat de Soller"]
[Site "Soller ESP"]
[Date "2007.02.07"]
[Round "4.1"]
[White "Mirzoev, Azer"]
[Black "Carlsson, Pontus"]
[Result "1/2-1/2"]
[WhiteElo "2526"]
[BlackElo "2492"]
[PlyCount "26"]
[EventDate "2007.02.05"]
[EventType "tourn"]
[EventRounds "9"]
[EventCountry "ESP"]
[EventCategory "8"]
[Source "lmi"]
[SourceDate "2007.02.05"]

1. Nf3 Nf6 2. g3 b6 3. Bg2 Bb7 4. O-O c5 5. b3 e6 6. Bb2 Be7 7. c4 d6 8. e3 O-O
9. d3 a6 10. Nbd2 Nc6 11. Qe2 Bc8 12. h3 b5 13. Kh2 d5 1/2-1/2

[Event "2. Torneig Ciutat de Soller"]
[Site "Soller ESP"]
[Date "2007.02.07"]
[Round "4.3"]
[White "Galego, Luis"]
[Black "Llaneza Vega, Marcos"]
[Result "1/2-1/2"]
[WhiteElo "2537"]
[BlackElo "2427"]
[PlyCount "52"]
[EventDate "2007.02.05"]
[EventType "tourn"]
[EventRounds "9"]
[EventCountry "ESP"]
[EventCategory "8"]
[Source "lmi"]
[SourceDate "2007.02.05"]

1. e4 c5 2. Nf3 Nf6 3. Nc3 d5 4. exd5 Nxd5 5. Bb5+ Bd7 6. a4 e6 7. O-O Be7 8.
Bc4 Nxc3 9. dxc3 O-O 10. Ne5 Be8 11. Qxd8 Bxd8 12. Be3 Bf6 13. f4 Nd7 14. Nxd7
Bxd7 15. Bb5 Bxb5 16. axb5 b6 17. Ra6 Rfb8 18. Rfa1 Rb7 19. R1a2 h5 20. Kf2 Kh7
21. b4 cxb4 22. cxb4 Rc8 23. Rxa7 Rxa7 24. Rxa7 Rxc2+ 25. Kf3 Rc3 26. Ke2 Rb3
1/2-1/2

[Event "2. Torneig Ciutat de Soller"]
[Site "Soller ESP"]
[Date "2007.02.07"]
[Round "4.4"]
[White "Vila Gazquez, Xavier"]
[Black "Salgado Lopez, Ivan"]
[Result "1/2-1/2"]
[WhiteElo "2407"]
[BlackElo "2422"]
[PlyCount "71"]
[EventDate "2007.02.05"]
[EventType "tourn"]
[EventRounds "9"]
[EventCountry "ESP"]
[EventCategory "8"]
[Source "lmi"]
[SourceDate "2007.02.05"]

1. e4 c5 2. Nf3 d6 3. d4 cxd4 4. Nxd4 Nf6 5. Nc3 a6 6. Bc4 e6 7. Bb3 Nbd7 8.
Bg5 Qa5 9. Bxf6 Nxf6 10. O-O Be7 11. f4 g6 12. f5 Qe5 13. fxe6 fxe6 14. Kh1 Bd7
15. Nf3 Qh5 16. Nd4 Qe5 17. Nf3 Qh5 18. Qd4 O-O 19. e5 Ng4 20. h3 Nxe5 21. Nxe5
Qxe5 22. Qxe5 dxe5 23. Rfd1 Bc6 24. Bxe6+ Kg7 25. Bd5 Rad8 26. Bxc6 bxc6 27.
Ne4 Rd5 28. g3 Rfd8 29. Re1 Kf7 30. Kg2 Ke6 31. Re2 Rd1 32. Re1 R1d5 33. Re2
Rd1 34. Re1 R1d4 35. Re3 Rd1 36. Re1 1/2-1/2

[Event "2. Torneig Ciutat de Soller"]
[Site "Soller ESP"]
[Date "2007.02.07"]
[Round "4.5"]
[White "Lariño Nieto, David"]
[Black "Alsina Leal, Daniel"]
[Result "0-1"]
[WhiteElo "2450"]
[BlackElo "2430"]
[PlyCount "84"]
[EventDate "2007.02.05"]
[EventType "tourn"]
[EventRounds "9"]
[EventCountry "ESP"]
[EventCategory "8"]
[Source "lmi"]
[SourceDate "2007.02.05"]

1. e4 c5 2. d3 Nc6 3. g3 g6 4. Bg2 Bg7 5. Nc3 d6 6. f4 e6 7. Nh3 Nge7 8. g4 f5
9. gxf5 exf5 10. O-O O-O 11. Nd5 h6 12. c3 Be6 13. Be3 Qd7 14. Qf3 Rae8 15. Qg3
b5 16. Rad1 b4 17. Nf2 Kh7 18. h4 bxc3 19. bxc3 c4 20. dxc4 fxe4 21. h5 gxh5
22. Nxe4 Nf5 23. Qf3 Nh4 24. Qxh5 Nxg2 25. Ng5+ Kg8 26. Nxe6 Nxe3 27. Nxf8 Kxf8
28. Nxe3 Rxe3 29. Rf3 Rxf3 30. Qxf3 Bxc3 31. Rd5 Bf6 32. Qh5 Kg7 33. Rd2 Kh7
34. Rg2 Bg7 35. Qg6+ Kh8 36. Re2 Ne7 37. Qf7 Qg4+ 38. Kf1 Qf3+ 39. Rf2 Qh1+ 40.
Ke2 Qe4+ 41. Kf1 Nf5 42. Qxa7 Ng3+ 0-1

[Event "2. Torneig Ciutat de Soller"]
[Site "Soller ESP"]
[Date "2007.02.08"]
[Round "5.1"]
[White "Alsina Leal, Daniel"]
[Black "Mirzoev, Azer"]
[Result "0-1"]
[WhiteElo "2430"]
[BlackElo "2526"]
[PlyCount "80"]
[EventDate "2007.02.05"]
[EventType "tourn"]
[EventRounds "9"]
[EventCountry "ESP"]
[EventCategory "8"]
[Source "lmi"]
[SourceDate "2007.02.05"]

1. e4 e5 2. Nf3 Nf6 3. d4 Nxe4 4. Bd3 d5 5. Nxe5 Nd7 6. Nxd7 Bxd7 7. O-O Be7 8.
c4 Nf6 9. Nc3 Be6 10. c5 O-O 11. Bf4 c6 12. b4 a6 13. a4 g6 14. b5 axb5 15.
axb5 Nh5 16. Be5 f6 17. Bg3 Nxg3 18. hxg3 Re8 19. Re1 Bf7 20. b6 f5 21. Rxa8
Qxa8 22. Qa1 Kf8 23. Qb2 Bf6 24. Ra1 Qd8 25. Ne2 Be6 26. Ra7 Bc8 27. Ra8 Qe7
28. Qa1 Qg7 29. Rb8 Qd7 30. Qa7 Qe6 31. Kh2 g5 32. Qa8 Bg7 33. Kg1 Qd7 34. g4
fxg4 35. Ng3 Bxd4 36. Bf5 Qe7 37. Rxc8 Bxf2+ 38. Kh2 Bxg3+ 39. Kxg3 Qe1+ 40.
Kh2 g3+ 0-1

[Event "2. Torneig Ciutat de Soller"]
[Site "Soller ESP"]
[Date "2007.02.08"]
[Round "5.2"]
[White "Salgado Lopez, Ivan"]
[Black "Lariño Nieto, David"]
[Result "0-1"]
[WhiteElo "2422"]
[BlackElo "2450"]
[PlyCount "68"]
[EventDate "2007.02.05"]
[EventType "tourn"]
[EventRounds "9"]
[EventCountry "ESP"]
[EventCategory "8"]
[Source "lmi"]
[SourceDate "2007.02.05"]

1. Nf3 d5 2. d4 c5 3. e3 Nf6 4. b3 cxd4 5. exd4 Nc6 6. Be2 Bg4 7. O-O Qb6 8.
Bb2 e6 9. Nbd2 Be7 10. c4 Bxf3 11. Nxf3 dxc4 12. Bxc4 O-O 13. Ne5 Rad8 14. Qf3
Nxd4 15. Qh3 Qa5 16. Rae1 Bb4 17. Re3 Bd2 18. Ng4 Qf5 19. Nxf6+ Qxf6 20. Kh1 e5
21. Bxd4 Rxd4 22. Rf3 Qe7 23. g3 b5 24. Be2 Rfd8 25. a4 g6 26. b4 bxa4 27. Ra3
Qxb4 28. Rfa1 Bc3 29. R1a2 Rd2 30. Rxd2 Bxd2 31. Rf3 a3 32. Rxf7 Kxf7 33. Qxh7+
Kf6 34. Qh4+ Qxh4 0-1

[Event "2. Torneig Ciutat de Soller"]
[Site "Soller ESP"]
[Date "2007.02.08"]
[Round "5.3"]
[White "Llaneza Vega, Marcos"]
[Black "Vila Gazquez, Xavier"]
[Result "1-0"]
[WhiteElo "2427"]
[BlackElo "2407"]
[PlyCount "97"]
[EventDate "2007.02.05"]
[EventType "tourn"]
[EventRounds "9"]
[EventCountry "ESP"]
[EventCategory "8"]
[Source "lmi"]
[SourceDate "2007.02.05"]

1. e4 c5 2. Nf3 Nc6 3. d4 cxd4 4. Nxd4 Qc7 5. Nc3 e6 6. Be3 a6 7. f3 Nf6 8. Qd2
Ne5 9. g4 h6 10. h4 b5 11. Rg1 b4 12. Na4 Bb7 13. g5 hxg5 14. hxg5 Rh2 15. Qxh2
Nd3+ 16. Bxd3 Qxh2 17. gxf6 Qh4+ 18. Bf2 Qxf6 19. O-O-O e5 20. Nb3 Qxf3 21.
Rgf1 Qg4 22. Nb6 Rd8 23. Kb1 f6 24. Nd5 Rc8 25. Ne3 Qe6 26. Rh1 a5 27. Nxa5 Ba6
28. Nd5 Bxd3 29. cxd3 Kf7 30. Rc1 Rxc1+ 31. Rxc1 Qh3 32. Be3 Qf3 33. Re1 f5 34.
Nc4 d6 35. Nxb4 f4 36. Bb6 Ke8 37. Kc2 Qg2+ 38. Nd2 Qh3 39. Nd5 g5 40. a4 Qc8+
41. Nc4 Be7 42. a5 Bd8 43. Rh1 g4 44. Bxd8 g3 45. Bb6 Qc6 46. a6 f3 47. a7 Kf7
48. Rf1 f2 49. Nc7 1-0

[Event "2. Torneig Ciutat de Soller"]
[Site "Soller ESP"]
[Date "2007.02.08"]
[Round "5.4"]
[White "Michalczak, Thomas"]
[Black "Galego, Luis"]
[Result "0-1"]
[WhiteElo "2332"]
[BlackElo "2537"]
[PlyCount "94"]
[EventDate "2007.02.05"]
[EventType "tourn"]
[EventRounds "9"]
[EventCountry "ESP"]
[EventCategory "8"]
[Source "lmi"]
[SourceDate "2007.02.05"]

1. e4 d6 2. d4 c6 3. Nc3 Nd7 4. Nf3 e5 5. a4 Be7 6. Bc4 Ngf6 7. O-O O-O 8. Re1
a5 9. h3 Qc7 10. b3 Nb6 11. Bf1 Re8 12. Bb2 Bf8 13. Qd2 Nbd7 14. g3 Nb8 15.
Rad1 Na6 16. Bg2 Nb4 17. Nb1 Bd7 18. c3 Na6 19. c4 exd4 20. Nxd4 Nc5 21. Nc3
Qb6 22. Qc2 Rad8 23. Kh1 g6 24. f4 Bg7 25. Re2 Bc8 26. Ba1 Nfd7 27. Nb1 Nf8 28.
Nd2 Re7 29. Bc3 Rde8 30. N4f3 Bxc3 31. Qxc3 Qb4 32. Qxb4 axb4 33. e5 dxe5 34.
Rxe5 Rxe5 35. Nxe5 Rd8 36. Bf3 Nfe6 37. Nf1 Nxb3 38. Rxd8+ Nxd8 39. Nd3 Nd4 40.
Bg4 Bxg4 41. hxg4 b3 42. Nd2 N8e6 43. Kg2 b6 44. Nc1 Nc5 45. Kf2 b2 46. Nd3
Nxd3+ 47. Ke3 Nb3 0-1

[Event "2. Torneig Ciutat de Soller"]
[Site "Soller ESP"]
[Date "2007.02.08"]
[Round "5.5"]
[White "Carlsson, Pontus"]
[Black "Movsziszian, Karen"]
[Result "0-1"]
[WhiteElo "2492"]
[BlackElo "2445"]
[PlyCount "152"]
[EventDate "2007.02.05"]
[EventType "tourn"]
[EventRounds "9"]
[EventCountry "ESP"]
[EventCategory "8"]
[Source "lmi"]
[SourceDate "2007.02.05"]

1. e4 d6 2. d4 Nf6 3. Nc3 g6 4. f4 Bg7 5. Nf3 c5 6. Bb5+ Bd7 7. e5 Ng4 8. Bxd7+
Qxd7 9. d5 dxe5 10. h3 e4 11. Nxe4 Nf6 12. Nxf6+ Bxf6 13. O-O O-O 14. Be3 Na6
15. Ne5 Qf5 16. c4 Bxe5 17. fxe5 Qxe5 18. Bh6 Rfe8 19. Qb3 b6 20. Rae1 Qd4+ 21.
Be3 Qh4 22. Bf4 g5 23. Bg3 Qd4+ 24. Kh2 Nb4 25. Rd1 Qe4 26. Rd2 Rad8 27. a3 Nc6
28. Qa4 Na5 29. b3 Qe3 30. Rb2 h5 31. Rf3 Qe4 32. Rbf2 Rf8 33. Bc7 Rde8 34. Rf5
f6 35. R5f3 Kg7 36. Qd7 Kg6 37. Bg3 h4 38. Bc7 Nb7 39. Qc6 Nd8 40. Qa4 Nf7 41.
Qxa7 Ne5 42. Bxe5 Qxe5+ 43. Kh1 Qd6 44. Re3 e5 45. dxe6 Rxe6 46. Ref3 Re1+ 47.
Rf1 Rxf1+ 48. Rxf1 Qd3 49. Re1 Qxb3 50. Qe7 Rf7 51. Qe4+ Kg7 52. Qe6 Qxa3 53.
Qc8 Qd3 54. Re8 Qd1+ 55. Kh2 Qd6+ 56. Kh1 Ra7 57. Rg8+ Kh6 58. Rh8+ Kg6 59.
Rg8+ Kh6 60. Rh8+ Rh7 61. Rg8 Qe7 62. Rf8 Kg6 63. Rg8+ Rg7 64. Re8 Qd7 65. Qa8
Qb7 66. Qa1 Re7 67. Rf8 Qc6 68. Qb1+ Qe4 69. Qf1 Re6 70. Kg1 Qe3+ 71. Kh1 Qg3
72. Qb1+ Kg7 73. Rf7+ Kxf7 74. Qh7+ Ke8 75. Qg8+ Kd7 76. Qf7+ Re7 0-1